Responses for Show #8626 - Monday, April 25, 2022

Mattea Roach game 15.

Contestants

[<< previous game]

Michael Graff, a mascot from Eastvale, California

Jessie Francis, a mental health therapist from Marietta, Georgia

Mattea Roach, a tutor from Toronto, Ontario, Canada (whose 14-day cash winnings total $320,081)

[next game >>]

Jeopardy! Round responses

PICTURE THE SONG
SAME FIRST & LAST LETTER
THE MEXICAN-AMERICAN WAR
OUT IN THE OCEAN
MUSICAL INSTRUMENTS
LET'S PLAY OLD-TIME PRIVATE EYE
    $200 1
"Stairway To Heaven"

Mattea
    $200 18
(Jessie: What is matriculate?)

register

MatteaJessie
    $200 11
Thoreau

Jessie
    $200 16
latitude

Jessie
    $200 3
the violin

Mattea
    $200 22
(Mattea: What is whiskey?)
(Ken: More specifically?)
(Mattea: I--what is--I...)
...
(Jessie: What is [*] whiskey?)

bourbon

MatteaJessie
    $400 2
"Big Yellow Taxi"

Jessie
    $400 19
transparent

Mattea
    $400 12
dragoons

Triple Stumper
    $400 17
an atoll

Mattea
    $1,000 5
the balalaika

Jessie
    $400 23
Mata Hari

Mattea
    $600 4
(Jessie: [*].)
(Ken: But in the form of a question.)
(Jessie: I'm sorry. What is [*]?)

"He's Got The Whole World In His Hands"

Jessie
    $600 20
a demigod

Michael
    $600 13
Polk

Michael
    $600 27
trench

Mattea
    $600 6
Sax

Jessie
    $600 24
(Michael: What is Saturn?)
...
(Ken: It's a very well-informed private eye, I'm noticing.)
[Laughter]

Jupiter

MatteaMichael
    $800 9
"Royals"

Triple Stumper
    $800 21
(Jessie: Um, what is... port?)

landfall

Jessie
Triple Stumper
    $800 14
the Compromise of 1850

Mattea
    $800 29
hydrothermal vents

Triple Stumper
    $800 7
a zither

Jessie
    $800 25
(Ken: Yes, with less than a minute to play.)

The Scream

Mattea
    $1000 10
"Time In A Bottle"

Mattea
    $1000 28
oregano

Jessie
    $1000 15
the Treaty of Guadalupe Hidalgo

Jessie
    $1000 30
a lagoon

Jessie
    $1000 8
timpani

Mattea
    $1000 26
Shreveport

Jessie

Scores at the first commercial break (after clue 15):

Mattea Jessie Michael
$3,200 $4,600 $600

Scores at the end of the Jeopardy! Round:

Mattea Jessie Michael
$6,400 $7,000 $600

Double Jeopardy! Round responses

BOOKS & AUTHORS
WHO PLAYED 'EM?
MULTIPLE HYPHENS
MANE-SPLAINING
I'LL FOLLOW YOU
TO THE "N"s OF THE EARTH
    $400 3
To Kill a Mockingbird

Mattea
    $400 9
Viola Davis

Mattea
    $400 12
mom-and-pop shop

Michael
    $400 26
a hyena

Michael
    $400 21
tail

Michael
    $400 2
(Michael: What is Denmark?)

Norway

JessieMichael
    $800 17
It

Mattea
    $800 1
Sigourney Weaver

Mattea
    $800 13
(Michael: What is ne'er-do-well?)

devil-may-care

MatteaMichael
    $800 27
New Zealand

Triple Stumper
    $800 22
ducklings

Michael
    $800 4
Nagasaki

Mattea
    $1200 18
Heart of Darkness

Michael
    $1200 6
(Ken: Pulp Fiction, yes.)

Samuel L. Jackson

Michael
    $1200 14
tête-à-tête

Mattea
    $1200 28
testosterone

Mattea
    $1200 23
shadow

Mattea
    $1200 5
(Jessie: What is Naples?)

Nola

JessieMichael
    $1600 19
Where the Crawdads Sing

Mattea
    $1600 7
Tony Randall

Triple Stumper
    $4,000 15
dyed-in-the-wool

Mattea
    $1600 29
an oryx

Triple Stumper
    $1600 24
David Attenborough

Mattea
    $4,000 10
[Applause]
(Ken: I presume you could even tell us the fourth?)
(Mattea: Yeah, provinces, probably, I'd have to think about it for a second...)
(Ken: Prince Edward Island.)
(Mattea: Oh, true, I was thinking things that start with "N".)

New Brunswick

Mattea
    $2000 20
The Hate U Give

Mattea
    $2000 8
(Ken: That's [*] from The Sopranos.)

Little Steven Van Zandt

Triple Stumper
    $2000 16
state-of-the-art

Triple Stumper
    $2000 30
a Friesian horse

Triple Stumper
    $2000 25
Ruth

Jessie
    $2000 11
Namibia

Jessie

Scores at the end of the Double Jeopardy! Round:

Mattea Jessie Michael
$27,200 $10,200 $5,000
(lock game)

[wagering suggestions for these scores]

Final Jeopardy! Round responses

NAMES IN AMERICAN HISTORY
(Ken: [To Jessie] Yes, 1624, that's four years after Plymouth Rock. And, actually, [*] disappears from the historical record around that time. Nobody's quite sure where it went.)
MichaelWhat is old ironsides
$4,900
JessieWhat is the Mayflower?
$100
MatteaWhat is the Mayflower?
$5,500
the Mayflower

Final scores:

Mattea Jessie Michael
$32,700 $10,300 $100
15-day champion: $352,781 2nd place: $2,000 3rd place: $1,000

Game dynamics:

Coryat scores:

Mattea Jessie Michael
$22,400 $9,600 $5,000
26 R
(including 2 DDs),
1 W
15 R
(including 1 DD),
3 W
9 R,
3 W

Combined Coryat: $37,000

[game clues] [game scores] [suggest correction]

Game tape date: 2022-02-14
The J! Archive is created by fans, for fans. Scraping, republication, monetization, and malicious use prohibited; this site may use cookies and collect identifying information. See terms. The Jeopardy! game show and all elements thereof, including but not limited to copyright and trademark thereto, are the property of Jeopardy Productions, Inc. and are protected under law. This website is not affiliated with, sponsored by, or operated by Jeopardy Productions, Inc. Join the discussion at JBoard.tv.